| 000 | 00463nam a22001817a 4500 | ||
|---|---|---|---|
| 005 | 20260604133344.0 | ||
| 008 | 260604b |||||||| |||| 00| 0 eng d | ||
| 020 |
_a9789384640996 _c2195.00 |
||
| 040 | _aMAIN | ||
| 041 | _aEnglish | ||
| 082 |
_a658.3 _bRAV |
||
| 100 |
_aRavinder, Kumar _925286 |
||
| 245 | _aHuman Resource Management | ||
| 260 |
_aNew Delhi _bBlackwell Press _c2025 |
||
| 300 | _a386 | ||
| 650 |
_aManagement (PM USHA) _927020 |
||
| 942 | _cBK | ||
| 999 |
_c61015 _d61015 |
||